Szczegóły MARC
| 000 -ETYKIETA REKORDU |
| podpole kontrolne o stałej długości |
01960nam a2200577 i 4500 |
| 001 - NUMER KONTROLNY REKORDU |
| pole kontrolne |
39114 |
| 003 - IDENTYFIKATOR NUMERU KONTROLNEGO REKORDU |
| podpole kontrolne |
KOSZ 005 |
| 005 - DATA OSTATNIEJ MODYFIKACJI REKORDU |
| podpole kontrolne |
20211217095306.0 |
| 008 - POLE O STAŁEJ DŁUGOŚCI - DANE KONTROLNE |
| podpole kontrolne o stałej długości |
000620s2000 pl a f f |000 0 pol |
| 015 ## - NUMER BIBLIOGRAFII NARODOWEJ |
| Numer bibliografii narodowej |
UWD 2000/14532 |
| 035 ## - NUMER SYSTEMOWY |
| Numer systemowy przejętego rekordu |
991014143869705066 |
| 035 ## - NUMER SYSTEMOWY |
| Numer systemowy przejętego rekordu |
(PL-WaBN)b13800991-48omnis_nlop |
| 035 ## - NUMER SYSTEMOWY |
| Numer systemowy przejętego rekordu |
b13800991 |
| 035 ## - NUMER SYSTEMOWY |
| Numer systemowy przejętego rekordu |
(OCoLC)830276155 |
| 035 ## - NUMER SYSTEMOWY |
| Numer systemowy przejętego rekordu |
cc2000015860 |
| 035 ## - NUMER SYSTEMOWY |
| Numer systemowy przejętego rekordu |
hh_278623 |
| 035 ## - NUMER SYSTEMOWY |
| Numer systemowy przejętego rekordu |
(PL)b0000001380099 |
| 035 ## - NUMER SYSTEMOWY |
| Numer systemowy przejętego rekordu |
(EXLNZ-48OMNIS_NETWORK)9910166588505606 |
| 040 ## - ŹRÓDŁO KATALOGOWANIA |
| Instytucja, która sporządziła opis |
WA N |
| Instytucja, która utworzyła rekord |
WA N |
| Instytucja, która dokonała modyfikacji |
KR U |
| -- |
KOSZ 005/HR |
| 041 0# - KOD JĘZYKA |
| Kod języka tekstu |
pol |
| 080 ## - UNIWERSALNA KLASYFIKACJA DZIESIĘTNA - UKD |
| UKD |
004.31 |
| 080 ## - UNIWERSALNA KLASYFIKACJA DZIESIĘTNA - UKD |
| UKD |
621.3.049.77 |
| 080 ## - UNIWERSALNA KLASYFIKACJA DZIESIĘTNA - UKD |
| UKD |
(075.8) |
| 100 1# - NAZWA OSOBOWA |
| Nazwa osobowa |
Gorzałczany, Marian B. |
| Daty związane z nazwą |
(1955- ) |
| Określenie rodzaju współpracy |
Autor |
| 245 10 - TYTUŁ/ODPOWIEDZIALNOŚĆ |
| Tytuł |
Układy cyfrowe - metody syntezy. |
| Oznaczenie części/sekcji dzieła |
T. 2, |
| Tytuł części/sekcji dzieła |
Układy sekwencyjne, układy mikroprogramowane / |
| Pozostałe elementy strefy tytułu i oznaczenia odpowiedzialności |
Marian B. Gorzałczany. |
| 250 ## - STREFA WYDANIA |
| Oznaczenie wydania |
Wyd. 6. |
| 260 ## - STREFA ADRESU WYDAWNICZEGO |
| Miejsce wydania |
Kielce : |
| Nazwa wydawcy/dystrybutora |
Wydaw. PŚ, |
| Data publikacji, dystrybucji/powstania dokumentu |
2000. |
| 300 ## - STREFA OPISU FIZYCZNEGO |
| Objętość |
370 s. : |
| Inne cechy fizyczne |
il. ; |
| Rozmiary |
24 cm. |
| 336 ## - TYP ZAWARTOŚCI |
| Termin opisujący typ zawartości |
Tekst |
| Kod określający zawartość |
txt |
| Źródło (terminu i kodu) |
rdacontent |
| 337 ## - TYP MEDIÓW |
| Tryb odtwarzania |
Bez urządzenia pośredniczącego |
| Kod typu mediów |
n |
| Źródło (terminu i kodu) |
rdamedia |
| 338 ## - TYP/RODZAJ NOŚNIKA |
| Hasło opisujące typ nośnika |
Wolumin |
| Kod typu nośnika |
nc |
| Źródło (terminu i kodu) |
rdacarrier |
| 380 ## - FORMA I TYP PUBLIKACJI |
| Forma i typ publikacji |
Książki |
| 380 ## - FORMA I TYP PUBLIKACJI |
| Forma i typ publikacji |
Publikacje dydaktyczne |
| 385 ## - ODBIORCA |
| Kategoria grupowa odbiorcy |
Poziom nauczania |
| Odbiorca |
Szlkoły wyższe |
| 388 ## - CZAS POWSTANIA |
| Czas powstania |
1901-2000 |
| 388 ## - CZAS POWSTANIA |
| Czas powstania |
1989-2000 |
| 490 1# - STREFA SERII I DOKUMENTU WIELOCZĘŚCIOWEGO - FORMA NIE DO WYSZUKIWANIA |
| Tytuł i oznaczenie odpowiedzialności serii |
Skrypty / Politechnika Świętokrzyska, |
| ISSN |
0239-6386 ; |
| Numeracja w obrębie serii |
nr 352 |
| 500 ## - UWAGI OGÓLNE |
| Tekst uwagi |
Bibliogr. s. 351. |
| 504 ## - UWAGA DOTYCZĄCA BIBLIOGRAFII |
| Informacje o bibliografii |
Bibliogr. |
| 580 ## - UWAGA O NIETYPOWYCH ZWIĄZKACH BIBLIOGRAFICZNYCH |
| Uwaga dotycząca nietypowych związków bibliograficznych |
T. 1 poz. 7301/2000. |
| 650 #7 - HASŁO PRZEDMIOTOWE W FORMIE NAZWY OGÓLNEJ LUB JEDNOSTKOWEJ |
| Nazwa ogólna lub geograficzna |
Układ cyfrowy |
| Źródło hasła lub terminu |
DBN |
| 650 #7 - HASŁO PRZEDMIOTOWE W FORMIE NAZWY OGÓLNEJ LUB JEDNOSTKOWEJ |
| Nazwa ogólna lub geograficzna |
Układ logiczny |
| Źródło hasła lub terminu |
DBN |
| 655 #7 - TERMIN INDEKSOWY - OKREŚLENIE RODZAJU/FORMY DOKUMENTU |
| Określenie rodzaju/formy dokumentu |
Podręczniki akademickie |
| Źródło terminu |
DBN |
| 658 ## - TERMIN INDEKSOWY - PRZEDMIOT PROGRAMU NAUCZANIA |
| Główny przedmiot programu nauczania |
Informatyka i technologie informacyjne |
| 658 ## - TERMIN INDEKSOWY - PRZEDMIOT PROGRAMU NAUCZANIA |
| Główny przedmiot programu nauczania |
Inżynieria i technika |
| 710 2# - HASŁO DODATKOWE - NAZWA CIAŁA ZBIOROWEGO |
| Nazwa ciała zbiorowego lub jednostki geograficznej |
Wydawnictwo Politechniki Świętokrzyskiej |
| Kod określenia powiązania |
pbl |
| 830 #0 - HASŁO DODATKOWE SERII LUB DOKUMENTU WIELOCZĘŚCIOWEGO - TYTUŁ UJEDNOLICONY |
| Tytuł ujednolicony |
Skrypty - Politechnika Świętokrzyska |
| Oznaczenie tomu |
352 |
| 856 ## - LOKALIZACJA I DOSTĘP DO ELEKTRONICZNYCH DOKUMENTÓW ZDALNYCH |
| Link (URL) |
http://koha.tu.koszalin.pl/cgi-bin/koha/opac-detail.pl?biblionumber=39114 |
| Tekst linku |
Katalog online BPK |
| 942 ## - DODATKOWE ELEMENTY (KOHA) |
| Schemat klasyfikacji |
Uniwersalna Klasyfikacja Dziesiętna |
| Typ dokumentu |
Książka |